¿La Educación en extinción? /

Guardado en:
Bibliografiske detaljer
Hovedforfatter: Esparza Ortega, Juan Manuel (autor)
Format: Bog
Sprog:spansk
Udgivet: Guadalajara, México : Amate, 1996, c1996
Fag:
Tags: Tilføj Tag
Ingen Tags, Vær først til at tagge denne postø!

MARC

LEADER 00000nam^a2200000^a^4500
001 000062775
005 20250521000000.0
009 20260310091002.797
037 |a Acervo ITESO - Biblioteca 
041 |a ESP 
082 |a 371. 394  |b ESP 
100 |a Esparza Ortega, Juan Manuel  |e (autor) 
245 1 4 |a ¿La Educación en extinción? /  |c J.M. Esparza Ortega. 
264 4 |a Guadalajara, México :  |b Amate,  |c 1996, c1996 
300 |a 198 p. 
336 |a texto  |b txt  |2 rdacontenido 
337 |a sin mediación  |b n  |2 rdamedio 
338 |a volumen  |b nc  |2 rdasoporte 
649 |a XX 
650 |a Educación Personalizada 
650 |a Finalidades de la Educación 
650 |a Filosofía de la Educación 
650 |a Sociología de la Educación 
650 |a Metodología Educativa 
650 |a Proceso Educativo 
650 |a Educación -  |z México 
910 |a Fondo General 
920 |a Impresos - Libros 
930 |a Colección General 
905 |a 101 
901 |a 0500016130  |b IT1  |c ACC  |u 20250521 
902 |a https://opac.biblio.iteso.mx/vufind/Record/000062775